Formula One Cars - Red Bull - Statistics

General Stats
  • This quiz has been taken 182 times
  • The average score is 19 of 20
Answer Stats
Year Answer % Correct
2006 RB2
100%
2005 RB1
99%
2014 RB10
99%
2015 RB11
99%
2016 RB12
99%
2017 RB13
99%
2018 RB14
99%
2019 RB15
99%
2007 RB3
99%
2008 RB4
99%
2009 RB5
99%
2010 RB6
99%
2011 RB7
99%
2012 RB8
99%
2013 RB9
99%
2020 RB16
98%
2022 RB18
97%
2024 RB20
97%
2023 RB19
96%
2021 RB16B
63%
No matching quizzes found
Score Distribution
Percent of People with Each Score
Percentile by Number Answered
Your Score History
You have not taken this quiz